Statistics for Demi Moore Filmography

Click here to take the quiz!

General Stats

  • This quiz has been taken 126 times
    (4 since last reset)
  • The average score is 7 of 84

Answer Stats

TypeYearName% Correct
Film1990Ghost
75%
Film1985St. Elmo's Fire
75%
Music Video1985St. Elmo's Fire (Man in Motion)
75%
Film1992A Few Good Men
50%
Film1997G.I. Jane
50%
Film1993Indecent Proposal
50%
TV Show1988, 2005, 2008Saturday Night Live
50%
Film1996The Hunchback of Notre Dame
50%
Film2002The Hunchback of Notre Dame II
50%
Film1984Blame It on Rio
25%
Film2003Charlie's Angels: Full Throttle
25%
Commercial1988Diet Coke
25%
TV Show2017Empire
25%
TV Show2024Feud
25%
Film2012LOL
25%
Film1996Striptease
25%
FilmTBAThe Substance
25%
Film1986About Last Night
0%
TV Show2018Animals.
0%
Film2011Another Happy Day
0%
Film1996Beavis and Butt-Head Do America
0%
TV Film1984Bedrooms
0%
Film2016Blind
0%
Film2006Bobby
0%
Web Series2020Brave New World
0%
Film2010Bunraku
0%
Film1981Choices
0%
TV Special2018Comedy Central Roast of Bruce Willis
0%
Film2019Corporate Animals
0%
Film1997Deconstructing Harry
0%
TV Film1997Destination Anywhere
0%
Film1994Disclosure
0%
Video Game1996Disney's Animated Storybook: The Hunchback of Notre Dame
0%
TV Show1997Ellen
0%
Director2011Five
0%
Film2007Flawless
0%
Film2015Forsaken
0%
Commercial2019GEICO
0%
TV Show1982-1983General Hospital
0%
Film2006Half Light
0%
Film2009Happy Tears
0%
TV Film1996If These Walls Could Talk
0%
Music Video1980It's Not a Rumor
0%
Commercial1997Jog Mate
0%
Commercial1990sKeds Sneakers
0%
Web Series2025Landman
0%
Film2018Love Sonia
0%
Film2011Margin Call
0%
TV Show1989Moonlighting
0%
Film1991Mortal Thoughts
0%
Film2007Mr. Brooks
0%
TV Documentary2011Nepal's Stolen Children
0%
Film1984No Small Affair
0%
Film1991Nothing but Trouble
0%
Film1995Now and Then
0%
Film1986One Crazy Summer
0%
Commercial1990sOscar Mayer Hot Dogs
0%
Film1982Parasite
0%
Film2000Passion of Mind
0%
Film2022Please Baby Please
0%
Film2017Rough Night
0%
Music Video1994She Drives Me Crazy
0%
Film2020Songbird
0%
Director2008Streak
0%
TV Show1990Tales from the Crypt
0%
Theater2009The 24 Hour Plays 2009
0%
Film1991The Butcher's Wife
0%
Theater1986The Early Girl
0%
Film2009The Joneses
0%
Film1996The Juror
0%
TV Film2009The Magic 7
0%
TV Show1984The Master
0%
Video1987The New Homeowner's Guide to Happiness
0%
Film1995The Scarlet Letter
0%
Film1988The Seventh Sign
0%
Film2022The Unbearable Weight of Massive Talent
0%
Music Video1997Ugly
0%
Film2013Very Good Girls
0%
Film1989We're No Angels
0%
Film2016Wild Oats
0%
TV Show2003Will & Grace
0%
Film1986Wisdom
0%
Film1982Young Doctors in Love
0%
Short Film1995Your Studio and You
0%

Score Distribution

Percentile by Number Answered

Percent of People with Each Score

Your Score History

You have not taken this quiz since the last reset